000 00778nam a2200229 a 4500
001 000002329
005 20200929150202.0
008 090701s2006 sp 001 0 spa d
020 _a8493350494
040 _aDO-SdBNP
082 _axxx
_bH477i
100 0 _aHellinga, Lotte
_97408
245 1 0 _aImpresores, editores, correctores y cajistas siglo XV. /
_cLotte Hellinga; nota previa Pablo Andrés Escapa.
260 _aMadrid, :
_bInstituto de historia del libro y de la lectura,
_c2006.
300 _a236p. :
_bil. ;
_c24 cm.
500 _aIncluye índice
500 _aIncluye notas a pie de páginas
500 _aIncluye procedencia de los textos
504 _aIncluye referencia bibliográfica
700 0 _aEscapa, Pablo Andrés
_eNota previa
_97409
049 _aBNPD
999 _c2174
_d2174